000 00861nam a2200241Ia 4500
003 OSt
005 20221005111630.0
006 a|||||r|||| 00| 0
007 ta
008 221004b |||||||| |||| 00| 0 hin d
024 _a101319
037 _cTextual
040 _aCRL
_cCRL
_bhin
041 _2hin
_ahin
082 _aP, L7
100 _aत्रिपाठी, रामदेव
245 0 _aभाषा विज्ञान की भारतीय परम्परा और पाणिनि
246 _aBhāṣhā vijnyān kī bhāratīya paramparā aur pāṇini
260 _aपटना
_bबिहार राष्ट्रभाषा परिषद भारत
_c1977
300 _a336पृ0
_ccm.
942 _hP, L7
_cTEXL
_2cc
999 _c1022401
_d1022401